Statistiche per Vincitori UEFA Club Footballer of the Year

Clicka qui per fare il quiz!

Statistiche generali

  • Questo quiz è stato fatto 30 volte
  • Il punteggio medio è 10 su 13

Statistiche sulle risposte

StagioneRuoloNazioneSquadraCalciatore% Corretto
2007-08AttaccantePortogalloManchester UnitedCristiano Ronaldo
100%
1997-98AttaccanteBrasileInterRonaldo
100%
2008-09AttaccanteArgentinaBarcellonaLionel Messi
97%
2002-03PortiereItaliaJuventusGianluigi Buffon
93%
2001-02CentrocampistaFranciaReal MadridZinédine Zidane
93%
2009-10AttaccanteArgentinaInterDiego Milito
87%
2006-07CentrocampistaBrasileMilanKaká
87%
2005-06AttaccanteBrasileBarcellonaRonaldinho
87%
2004-05CentrocampistaInghilterraLiverpoolSteven Gerrard
83%
1998-99CentrocampistaInghilterraManchester UnitedDavid Beckham
63%
2003-04CentrocampistaPortogalloPortoDeco
50%
1999-00CentrocampistaArgentinaReal MadridFernando Redondo
17%
2000-01CentrocampistaGermaniaBayern MonacoStefan Effenberg
7%

Distribuzione punteggi

Percentile per numero di risposta

Percentuale di utenti per punteggio

I tuoi punteggi nel tempo

Non hai fatto questo quiz